00963nam a22002777a 4500003000900000001000800009007000300017008003600020090002200056942000700078040003800085245006700123300001100190955000600201041000800207080001600215020001800231260002100249246002100270044000700291650000800298999001900306952012000325952012000445952012000565UA-OsUOA 27973 ta20040916b un ||||| |||| 00| 0 ukr d a82-194(059)bН37 cBK aUA-OsUOAbukrcUA-OsUOAdUA-OsUOA aНаше колоbЛітературний альманах a87 с. a0 aukr a82-194(059) a966-8424-12-3 aРівнеc200431aВипуск 2n aUA 72UDC c314325d314325 00102udc4070a101b101d2004-09-16g1.00i93604l0o82-194(059) Н37p93604r2022-02-10 00:00:00w2004-09-16yBK 00102udc4070a101b101d2004-09-16g1.00i93605l0o82-194(059) Н37p93605r2022-04-01 00:00:00w2004-09-16yBK 00102udc4070a101b101d2004-09-16g1.00i93606l0o82-194(059) Н37p93606r2022-04-01 00:00:00w2004-09-16yBK